000 00316nam a2200133Ia 4500
008 230917s9999||||xx |||||||||||||| ||und||
040 _e158790
_aMAIN
041 _aEnglish
082 _a181.4 S73A
100 _aSunita Devi
245 0 _aAstik darshanon mein mithyagyan ka swaroop
300 _a78 p.
942 _cTH
999 _c74399
_d74399